(Khmer) Angkor Kingdom guide book: (Record no. 49241)
| 000 -LEADER | |
|---|---|
| fixed length control field | 00272nam a2200097 4500 |
| 020 ## - INTERNATIONAL STANDARD BOOK NUMBER | |
| International Standard Book Number | 9789996375705 |
| 245 ## - TITLE STATEMENT | |
| Title | (Khmer) Angkor Kingdom guide book: |
| Remainder of title | part 1 / |
| Statement of responsibility, etc | Hem Sophoan. |
| 260 ## - PUBLICATION, DISTRIBUTION, ETC. (IMPRINT) | |
| Place of publication, distribution, etc | Cambodia: |
| Date of publication, distribution, etc | 2023. |
| 300 ## - PHYSICAL DESCRIPTION | |
| Extent | 243 p. |
| Other physical details | col. ill. |
| Dimensions | 20 cm. |
| 942 ## - ADDED ENTRY ELEMENTS (KOHA) | |
| Source of classification or shelving scheme | |
| Koha item type | Khmer NON FIC Books |
| Withdrawn status | Lost status | Source of classification or shelving scheme | Damaged status | Not for loan | Collection code | Home library | Current library | Shelving location | Date acquired | Total Checkouts | Full call number | Barcode | Date last seen | Date checked out | Price effective from | Koha item type |
|---|---|---|---|---|---|---|---|---|---|---|---|---|---|---|---|---|
| Siem Riep | Asian Hope Secondary Library | Asian Hope Secondary Library | 08/12/2025 | 1 | KHMER 915.96 HEM | 208731 | 01/16/2026 | 09/09/2025 | 08/12/2025 | Khmer NON FIC Books |